Les Ballons d'Or ayant joué en Liga - Mort Subite - Statistiques

Statistiques générales
  • Ce quiz a été pris 728 fois
  • Le résultat moyen est 10 sur 19
Answers on the Grid
Answers color-coded by a green-red scale on the quiz's grid according to % correct below.
Stanley Matthews
Alfredo Di Stefano
Raymond Kopa
Luis Suarez
Omar Sivori
Josef Masopust
Lev Yachine
Denis Law
Eusébio
Bobby Charlton
Florian Albert
George Best
Gianni Rivera
Gerd Müller
Johan Cruyff
Franz Beckenbauer
Oleg Blockhine
Allan Simonsen
Kevin Keegan
Karl-Heinz Rummenigge
Paolo Rossi
Michel Platini
Igor Belanov
Ruud Gullit
Marco Van Basten
Lothar Matthäus
Jean-Pierre Papin
Roberto Baggio
Hristo Stoitchkov
George Weah
Matthias Sammer
Ronaldo
Zinédine Zidane
Rivaldo
Luis Figo
Michael Owen
Pavel Nedved
Andriy Shevchenko
Ronaldinho
Fabio Cannavaro
Kaka
Cristiano Ronaldo
Lionel Messi
Luka Modric
Karim Benzema
Rodri
 
Statistiques - réponses
Réponse % Correct
Alfredo Di Stefano
81%
Karim Benzema
63%
Lionel Messi
63%
Luka Modric
62%
Cristiano Ronaldo
60%
Kaka
59%
Ronaldinho
59%
Zinédine Zidane
59%
Ronaldo
58%
Johan Cruyff
57%
Luis Figo
57%
Raymond Kopa
55%
Luis Suarez
53%
Rivaldo
46%
Fabio Cannavaro
43%
Rodri
43%
Michael Owen
32%
Hristo Stoitchkov
29%
Allan Simonsen
5%
Aucun quiz correspondant
Distribution des résultats
% des personnes avec chaque résultat
Percentile par nombre de réponses
Votre historique - résultats
Vous n’avez pas pris ce quiz